000
00325nam a22001457a 4500
003
OSt
008
250129b |||||||| |||| 00| 0 eng d
020
_a
9789390260836
100
_a
SUBRAMANIAN,Krishnamurthy
245
_a
INDIA@100
250
_a
1ST
260
_a
New Delhi
_b
Rupa
_c
2024
300
_a
497
942
_2
ddc
_c
BK
999
_c
13042
_d
13042